000 00370nam a22001457a 4500
999 _c8813
_d8813
003 OSt
008 200711b ||||| |||| 00| 0 eng d
100 _aDeodhar, M.N
245 _aPractical Hand Book of Pharmaceutical organic Chemistry
250 _a2019
260 _aNew Delhi
_bNIrali
300 _aA.8
650 _aPharmaceutical Organic Chemisty
942 _2ddc
_cBK